00414nam a2200157Ia 4500003000400000005001700004008004100021040000700062041000800069082002200077100002300099245004900122260005500171300001200226650001800238OSt20230522112334.0210423s2003 xx 000 0 und d cAL akan a305.4K223b HEGW aHEGGADE (Odeyar D) aWomen studies: economic bases and dimensions aMysorebCENTRE FOR HUMAN DEVELOPMENT STUDIESc2003 a192bPB aWomen Studies